Musical Instruments by Letter (P-S) - Statistics

General Stats
  • This quiz has been taken 15 times
  • The average score is 9 of 16
Answer Stats
Hint Answer % Correct
Smaller flute that is one octave higher Piccolo
93%
Woodwind instrument with a reputation of being for children Recorder
86%
A drum with a unique staccato sound due to stiff wires beneath its head Snare drum
86%
A member of the woodwind family often confused for brass Saxophone
79%
Woodwind instrument with multiple pipes named after a Greek god Pan flute
71%
Often considered both a percussion and string instrument Piano
71%
A keyboard instrument producing electronic sound Synthesizer
71%
Known best as a marching tuba Sousaphone
57%
Often heard during in Christmas songs Sleigh bells
50%
The national instrument of Trinidad and Tobago Steelpan
50%
Tube full of rice, dry beans, etc. that is used to create the sound of weather Rainstick
43%
Has a genre of comedy named after it Slapstick
36%
Known for being used as a goofy sound effect Slide whistle
29%
Calming percussion instrument from Tibet Singing bowl
21%
Zither with a trapezoidal soundboard Qanun
14%
Creates noise by the turning of a gearwheel Ratchet
14%
No matching quizzes found
Score Distribution
Percent of People with Each Score
Percentile by Number Answered
Your Score History
You have not taken this quiz